The Letter to the Romans / (Record no. 20785)
[ view plain ]
| 000 -LEADER | |
|---|---|
| fixed length control field | 01094cam a2200337 i 4500 |
| 001 - CONTROL NUMBER | |
| control field | 4107935 |
| 003 - CONTROL NUMBER IDENTIFIER | |
| control field | OSt |
| 005 - DATE AND TIME OF LATEST TRANSACTION | |
| control field | 20251128142049.0 |
| 008 - FIXED-LENGTH DATA ELEMENTS--GENERAL INFORMATION | |
| fixed length control field | 750805s1975 pau 000 0 eng |
| 010 ## - LIBRARY OF CONGRESS CONTROL NUMBER | |
| LC control number | 75026523 |
| 020 ## - INTERNATIONAL STANDARD BOOK NUMBER | |
| International Standard Book Number | 0664213073. |
| -- | 0664241077 |
| 020 ## - INTERNATIONAL STANDARD BOOK NUMBER | |
| International Standard Book Number | 9780664241070 |
| 035 ## - SYSTEM CONTROL NUMBER | |
| System control number | 4107935 |
| 040 ## - CATALOGING SOURCE | |
| Original cataloging agency | DLC |
| Transcribing agency | DLC |
| Modifying agency | DLC |
| 050 00 - LIBRARY OF CONGRESS CALL NUMBER | |
| Classification number | BS2663 |
| Item number | .B37 1975 |
| 082 00 - DEWEY DECIMAL CLASSIFICATION NUMBER | |
| Classification number | 227/.1/077 |
| 130 0# - MAIN ENTRY--UNIFORM TITLE | |
| Uniform title | Bible. |
| Name of part/section of a work | Romans. |
| Language of a work | English. |
| Version | Barclay. |
| Date of a work | 1975. |
| 245 14 - TITLE STATEMENT | |
| Title | The Letter to the Romans / |
| Statement of responsibility, etc. | translated with an introd. and interpretation by William Barclay. |
| 250 ## - EDITION STATEMENT | |
| Edition statement | Rev. ed. |
| 260 ## - PUBLICATION, DISTRIBUTION, ETC. (IMPRINT) | |
| Place of publication, distribution, etc. | Philadelphia : |
| Name of publisher, distributor, etc. | Westminster Press, |
| Date of publication, distribution, etc. | c1975. |
| 300 ## - PHYSICAL DESCRIPTION | |
| Extent | xiii, 222 p. ; |
| Dimensions | 19 cm. |
| 336 ## - CONTENT TYPE | |
| Content type term | text |
| Content type code | txt |
| Source | rdacontent |
| 337 ## - MEDIA TYPE | |
| Media type term | unmediated |
| Media type code | n |
| Source | rdamedia |
| 338 ## - CARRIER TYPE | |
| Carrier type term | volume |
| Carrier type code | nc |
| Source | rdacarrier |
| 440 #0 - SERIES STATEMENT/ADDED ENTRY--TITLE | |
| Title | Daily study Bible series.--Rev. ed. |
| 630 00 - SUBJECT ADDED ENTRY--UNIFORM TITLE | |
| Uniform title | Bible. |
| Name of part/section of a work | Romans |
| General subdivision | Commentaries. |
| 700 1# - ADDED ENTRY--PERSONAL NAME | |
| Personal name | Barclay, William, |
| Dates associated with a name | 1907-1978. |
| 906 ## - LOCAL DATA ELEMENT F, LDF (RLIN) | |
| a | 7 |
| b | cbc |
| c | orignew |
| d | 1 |
| e | ocip |
| f | 19 |
| g | y-gencatlg |
| 942 ## - ADDED ENTRY ELEMENTS (KOHA) | |
| Source of classification or shelving scheme | Library of Congress Classification |
| Koha item type | General Collection |
| Withdrawn status | Lost status | Source of classification or shelving scheme | Not for loan | Home library | Current library | Shelving location | Date acquired | Source of acquisition | Inventory number | Total Checkouts | Full call number | Barcode | Date last seen | Copy number | Price effective from | Koha item type |
|---|---|---|---|---|---|---|---|---|---|---|---|---|---|---|---|---|
| Library of Congress Classification | Kabarak, Main Campus | Kabarak, Main Campus | General Stacks | 28/11/2025 | Donation | 2025/2849 | BS2663 .B37 1975 C.1 | 39883 | 28/11/2025 | C.1 | 28/11/2025 | General Collection | ||||
| Library of Congress Classification | Kabarak, Main Campus | Kabarak, Main Campus | General Stacks | 17/02/2026 | Donation | 2025/3826 | BS2663 .B37 1975 C.2 | 38382 | 17/02/2026 | C.2 | 17/02/2026 | General Collection |